Schweizer Bundespräsidenten - Statistiken

Allgemein
  • Dieses Quiz wurde 79 mal gespielt
    66 seit der letzten Aktualisierung
  • Das Durchschnittsergebnis liegt bei 33 aus 173
Antwortstatistiken
Jahr Name % Korrekt
2018 Alain Berset
84%
2013 | 2019 Ueli Maurer
80%
2015 | 2020 Simonetta Sommaruga
76%
2021 Guy Parmelin
73%
2012 Eveline Widmer-Schlumpf
67%
2010 | 2017 Doris Leuthard
57%
1993 | 2000 Adolf Ogi
55%
2001 | 2006 Moritz Leuenberger
55%
1984 Leon Schlumpf
51%
1999 Ruth Dreifuss
49%
2009 Hans-Rudolf Merz
47%
2014 Didier Burkhalter
45%
2016 Johann Schneider-Ammann
45%
2003 | 2008 Pascal Couchepin
45%
2005 Samuel Schmid
45%
2007 | 2011 Micheline Calmy-Rey
43%
1899 | 1907 | 1913 Eduard Müller
41%
1995 | 2002 Kaspar Villiger
39%
1989 | 1996 Jean-Pascal Delamuraz
37%
1991 | 1998 Flavio Cotti
35%
1988 | 1994 Otto Stich
33%
1936 Albert Meyer
31%
2004 Joseph Deiss
31%
1990 | 1997 Arnold Koller
29%
1848 1849 | 1852 | 1855 | 1858 Jonas Furrer
29%
1977 | 1981 | 1985 Kurt Furgler
29%
1986 Alphons Egli
27%
1971 | 1976 Rudolf Gnägi
27%
1978 Willi Ritschard
27%
1939 | 1942 | 1947 | 1953 Philipp Etter
24%
1965 | 1970 Hans-Peter Tschudi
20%
1992 René Felber
20%
1943 | 1948 Enrico Celio
18%
1856 | 1859 | 1862 Jakob Stämpfli
18%
1972 Nello Celio
18%
1944 Walther Stampfli
18%
1894 Emil Frey
16%
1979 Hans Hürlimann
16%
1850 Henri Druey
16%
1865 | 1871 | 1874 | +3 others Karl Schenk
16%
1983 | 1987 Pierre Aubert
16%
1982 Fritz Honegger
14%
1967 | 1973 Roger Bonvin
14%
1853 Wilhelm Matthias Naeff
14%
1949 Ernst Nobs
12%
1854 | 1860 Friedrich Frey-Herosé
12%
1961 Friedrich Traugott Wahlen
12%
1915 | 1920 | 1927 | +2 others Giuseppe Motta
12%
1851 Josef Munzinger
12%
1975 Pierre Graber
12%
1974 Ernst Brugger
10%
1918 Felix Calonder
10%
1980 Georges-André Chevallaz
10%
1938 Johannes Baumann
10%
1906 | 1912 Ludwig Forrer
10%
1935 Rudolf Minger
10%
1869 | 1872 | 1876 | +3 others Emil Welti
8%
1966 Hans Schaffner
8%
1964 | 1969 Ludwig von Moos
8%
1956 Markus Feldmann
8%
1959 | 1962 Paul Chaudet
8%
1896 Adrien Lachenal
6%
1917 | 1921 | 1928 | 1933 Edmund Schulthess
6%
1945 | 1951 Eduard von Steiger
6%
1919 Gustave Ador
6%
1864 | 1868 | 1870 Jakob Dubs
6%
1861 | 1866 Josef Martin Knüsel
6%
1883 | 1890 Louis Ruchonnet
6%
1958 Thomas Holenstein
6%
1886 | 1897 | 1903 | 1909 Adolf Deucher
4%
1914 Arthur Hoffmann
4%
1879 | 1889 Bernhard Hammer
4%
1916 Camille Decoppet
4%
1857 | 1863 | 1867 Constant Fornerod
4%
1924 Ernest Chuard
4%
1901 | 1908 Ernst Brenner
4%
1941 Ernst Wetter
4%
1898 Eugène Ruffy
4%
1957 Hans Streuli
4%
1926 | 1931 Heinrich Häberlin
4%
1925 | 1930 Jean-Marie Musy
4%
1877 Joachim Heer
4%
1875 Johann Jakob Scherer
4%
1895 | 1902 Josef Zemp
4%
1946 | 1952 Karl Kobelt
4%
1923 Karl Scheurer
4%
1934 | 1940 Marcel Pilet-Golaz
4%
1905 | 1911 Marc Ruchet
4%
1950 | 1955 | 1960 Max Petitpierre
4%
1881 | 1887 Numa Droz
4%
1873 Paul Cérésole
4%
1904 | 1910 Robert Comtesse
4%
1922 | 1929 Robert Haab
4%
1954 Rodolphe Rubattel
4%
1882 Simeon Bavier
4%
1892 | 1900 Walter Hauser
4%
1888 Wilhelm Hertenstein
4%
1963 | 1968 Willy Spühler
4%
Keine übereinstimmenden Quizze gefunden
Verteilung der Resultate
Anzahl Personen mit jedem Resultat
Perzentil nach korrekt beantworteten Fragen
Ihre Resultats-Entwicklung
Sie haben dieses Quiz seit der letzten Aktualisierung nicht gespielt